| 000 | 00778nam a2200253 a 4500 | ||
|---|---|---|---|
| 001 | BRL_524 | ||
| 005 | 20190320210801.0 | ||
| 008 | 280813s2002----u--a######---#000-0#eng-# | ||
| 020 | _a0764315986 | ||
| 041 | _aeng | ||
| 044 | _au | ||
| 050 | 4 |
_aNK845.O2 _b.R68 2002 |
|
| 100 | 1 |
_aRothstein, Arden Aibel _924189 |
|
| 245 | 1 | 0 |
_aMexican Folk Art _bfrom Oaxacan Artist Families _cArden Aibel Rothstein and Anya Leah Rothstein |
| 260 |
_aAtglen, PA _bSchiffer _c2002 |
||
| 300 |
_a224 p. _bil. _c22 cm. |
||
| 500 | _aAu572 | ||
| 504 | _aBibliografía: p.222 | ||
| 650 | 1 | 4 |
_aArte popular _xColeccionistas y colecciones _zOaxaca, México _924190 |
| 650 | 1 | 4 |
_aArtesanos _zOaxaca, México _924191 |
| 700 | 1 |
_aRothstein, Anya Leah _ecouat. _924192 |
|
| 902 | _aGRL | ||
| 942 |
_2lcc _cB |
||
| 999 |
_c9336 _d9336 |
||